Personnages sur distributeur PEZ - 1 - Statistiques

Statistiques générales
  • Ce quiz a été pris 587 fois
  • Le résultat moyen est 14 sur 20
Statistiques - réponses
Par images Réponse % Correct
Luigi
99%
Garfield
98%
Bart Simpson
97%
Aladdin
95%
Hello Kitty
95%
Minnie
95%
Shrek
95%
Wonder Woman
90%
Le Grinch
86%
Voldemort
73%
Abraham Lincoln
69%
Doctor Strange
67%
Timon
67%
Spock
51%
Knuckles
48%
Speedy Gonzales
45%
Jack Jack
35%
Cell
34%
Chase
29%
Chuck
7%
Aucun quiz correspondant
Distribution des résultats
% des personnes avec chaque résultat
Percentile par nombre de réponses
Votre historique - résultats
Vous n’avez pas pris ce quiz